Concierto barroco /

Wedi'i Gadw mewn:
Manylion Llyfryddiaeth
Prif Awdur: Carpentier, Alejo (autor)
Fformat: Llyfr
Iaith:Sbaeneg
Cyhoeddwyd: México : Siglo XXI, 1981, c1981
Rhifyn:13a edición
Pynciau:
Tagiau: Ychwanegu Tag
Dim Tagiau, Byddwch y cyntaf i dagio'r cofnod hwn!

MARC

LEADER 00000nam^a2200000^a^4500
001 000558586
005 20250521000000.0
009 20260310131824.042
020 |a 968-23-0483-0 
037 |a Acervo Xavier Clavigero 
041 |a ESP 
082 |a 863.  |b CAR 
100 |a Carpentier, Alejo  |e (autor) 
240 1 1 |a [Concierto barroco] 
245 1 0 |a Concierto barroco /  |c A. Carpentier. 
250 |a 13a edición 
264 4 |a México :  |b Siglo XXI,  |c 1981, c1981 
300 |a 92 p. 
336 |a texto  |b txt  |2 rdacontenido 
337 |a sin mediación  |b n  |2 rdamedio 
338 |a volumen  |b nc  |2 rdasoporte 
545 0 |a El cubano Alejo Carpentier (La Habana, 1904 - París, 1980), es reconocido por la gran riqueza de su lenguaje, de altos vuelos líricos, cercanos a la música. Autor de una narrativa plena de barroquismo y que bebe por igual de la cultura popular caribeña, que de fuentes clásicas, Carpentier es el creador de lo real maravilloso, expresión literaria de las visiones mágicas que perviven en numerosos grupos sociales de Latinoamérica. Fue también político y diplomático, ocupando como tal cargos destacados. Carpentier es autor, entre otros títulos, de Los pasos perdidos (1953), Guerra del tiempo (1956), El acoso (1958), El siglo de las luces (1962), El recurso del método (1974), Concierto barroco (1974) y La consagración de la primavera (1978). El Premio Internacional Alfonso Reyes (1975), el Premio Cino del Duca (1975) y el Premio Cervantes (1977), fueron algunos de los reconocimientos recibidos por el escritor. 
649 |a XX 
650 |a Novela Cubana 
650 |a Música y Literatura 
650 |a Literatura Cubana -  |y Siglo XX 
650 |a México en la Literatura 
910 |a Fondo General 
920 |a Impresos - Libros 
930 |a Colección General 
940 |a Literatura 
905 |a 101 
901 |a 0500396171  |b IT1  |c LIT  |i 02140  |u 20250521 
902 |a https://opac.biblio.iteso.mx/vufind/Record/000558586